[Event "WCh Women"]
[Site "Antakya TUR"]
[Date "2010.12.07"]
[Round "2.1"]
[White "Kosintseva, Tatiana"]
[Black "Dembo, Yelena"]
[Result "0-1"]
[WhiteElo "2581"]
[BlackElo "2454"]
[PlyCount "80"]
[EventDate "2010.12.04"]

1. e4 c5 2. Nf3 d6 3. d4 cxd4 4. Nxd4 Nf6 5. Nc3 Nc6 6. Bg5 e6 7. Qd2 a6 8.
O-O-O Bd7 9. f3 h6 10. Be3 b5 11. Kb1 Ne5 12. Bd3 Be7 13. g4 b4 14. Nce2 d5 15.
exd5 Nxd5 16. Nf4 Nxe3 17. Qxe3 Qa5 18. h4 Nxd3 19. Nxd3 Qc7 20. Ne5 Rd8 21. g5
g6 {#The position is won for White, and there is more than one way to bring
the point home.} 22. Qe4 {Although not the most precise, placing additional
pressure on g6 is also strong.} ({The quickest way is} 22. h5 $1 Bxg5 23. f4
Bf6 24. hxg6 fxg6 25. Nxg6 {and Black loses material.}) 22... h5 {#} 23. Ndc6
$6 {This, on the other hand, is a mystery. By playing Qe4, and allowing Black
to close the kingside with h5, the only logical reason was to sac the piece on
g6, which would also be the strongest move, so why this?} (23. Nxg6 $1 fxg6 24.
Qxg6+ Kf8 25. Nxe6+ Bxe6 26. Rxd8+ Bxd8 27. Qxe6 Qf7 (27... a5 $2 28. Rd1 Rh7
29. f4) 28. Qxa6 Kg7 (28... Qxf3 $2 29. Rf1)) 23... Bxc6 24. Rxd8+ Qxd8 25.
Nxc6 Qd6 26. Ne5 Qd5 27. Qxd5 exd5 28. Rd1 Bc5 29. Rxd5 Bf2 30. Rd8+ $2 {A
tragic blunder. Clearly Kosintseva realized how badly she had botched her
position and was affected by this. She no longer had any advantage, but after
this she is lost.} Kxd8 31. Nxf7+ Ke8 32. Nxh8 Bxh4 33. Kc1 Bg3 34. Kd1 Kf8 35.
Nxg6+ Kf7 36. Nh8+ Kg7 37. Ke2 Be5 38. c4 bxc3 39. bxc3 Kxh8 40. c4 Bf4 0-1

[Event "WCh Women"]
[Site "Antakya TUR"]
[Date "2010.12.07"]
[Round "2.1"]
[White "Cmilyte, Viktorija"]
[Black "Paehtz, Elisabeth"]
[Result "0-1"]
[WhiteElo "2514"]
[BlackElo "2474"]
[PlyCount "92"]
[EventDate "2010.12.04"]

1. c4 d6 2. Nc3 Nd7 3. g3 g6 4. Nf3 Bg7 5. Bg2 e5 6. d4 Ne7 7. O-O O-O 8. e4
exd4 9. Nxd4 Nc6 10. Nde2 a5 11. Rb1 Nc5 12. Be3 a4 13. f4 Be6 14. Nd5 Bg4 15.
h3 Bxe2 16. Qxe2 Re8 17. e5 Nd7 18. Qf2 dxe5 19. f5 Nd4 20. f6 Bf8 21. Bg5 Bc5
22. Kh2 Ne6 23. Be3 c6 24. Bxc5 Ndxc5 25. Qe3 Kh8 26. Qh6 Qd6 27. Ne7 Rad8 28.
Rbd1 Qxd1 29. Rxd1 Rxd1 30. h4 Nd7 31. Bh3 Nxf6 32. Bxe6 {#Elisabeth had
played a very precise game, stepping very confidently through the dangerous
complications. Here she finishes with a last surgical move.} Rd6 $1 (32... fxe6
$2 33. Nxg6+ Kg8 34. Nxe5 {with a big advantage for White.}) (32... Rxe7 33.
Qf8+ Ng8 34. Bxf7 Rd8 35. Qxd8 Rxf7 36. g4 $1 {also with a large white
advantage.}) 33. Nxg6+ fxg6 34. Bh3 Rd4 35. Qg5 Kg7 36. b3 axb3 37. axb3 e4 38.
Qe3 Rd3 39. Qb6 Re7 40. Qc5 Kf7 41. h5 Rd2+ 42. Kg1 e3 43. hxg6+ hxg6 44. Bf1
e2 45. Bxe2 Rexe2 46. Kf1 Ng4 0-1